LDR 00859naa#a2200253#i#450# 001 EN\\bibl\126536 005 20260701063608.3 011 ## _a2074-9414 100 ## _a20260630b2026####ek#y0engy0150####ca 101 0# _aRUS 102 ## _aRU 200 1# _aTargeted and Untargeted Methods for Fish Quality Assessment (Oncorhynchus mykiss) _eJournal article 210 1# _aKemerovo _cKemerovo State University _d2026 215 ## _a16 с. 608 ## _aJournal article _2local 675 ## _aСельское хозяйство. Лесное хозяйство. Охота. Рыбное хозяйство. 63 _zRUS 700 #1 _aKutuzov _gMikhail N. 700 #1 _aBelova _gMaria A. 700 #1 _aNovichenko _gOlga V. 700 #1 _aNikitin _gIgor A. 700 #1 _aZaroual _gHicham 700 #1 _aVishnyakov _gVladislav S. 700 #1 _aVilkova _gDaria D. 856 4# _avestnik-pses.kemsu.ru _u